ნორმალური ფორმატი
MARC ფორმატი
ჩანაწერი Personal Name
ჩანაწერთა რაოდენობა, რომელიც გამოყენებულია: 2
001 - CONTROL NUMBER
- control field: 12206
003 - CONTROL NUMBER IDENTIFIER
- control field: GE_BSU
005 - DATE AND TIME OF LATEST TRANSACTION
- control field: 20210706171841.0
008 - FIXED-LENGTH DATA ELEMENTS
- fixed length control field: 210706|| aca||aabn | a|a d
040 ## - CATALOGING SOURCE
- Original cataloging agency: GE_BSU
- Transcribing agency: GE_BSU
100 ## - HEADING--PERSONAL NAME
- Personal name: ნოდია, გ.
- Relator term: წინასიტყვაობის ავტორი
670 ## - SOURCE DATA FOUND
- Source citation: Work cat.: (GE_BSU)53968: კაკაბაძე, ზ. (ზურაბ) 12205, ფილოსოფიური საუბრები /
